[Event "Abierto Legislatura Norberto La Porta in memoriam"]
[Site "Buenos Aires, ARG"]
[Date "2009.04.14"]
[Round "7.09"]
[White "Szmetan, Jorge"]
[Black "Paternoste, Martin"]
[Result "1-0"]
[WhiteElo "2374"]
[BlackElo "2024"]

1. Nf3 c5 2. c4 Nf6 3. g3 g6 4. Bg2 Bg7 5. O-O Nc6 6. Nc3 O-O 7. a3 d6 8. Rb1
Bf5 9. d3 Qd7 10. Re1 Rac8 11. b4 cxb4 12. axb4 Ng4 13. Nd5 Nge5 14. Nxe5
Nxe5 15. b5 e6 16. Ne3 Qe7 17. h3 g5 18. Nxf5 exf5 19. Qd2 h6 20. f4 gxf4 21.
Qxf4 Nxd3 22. Qxf5 Nxe1 23. Be4 Rfe8 24. Qh7+ Kf8 25. Bxh6 Qe5 26. Qh8+ Ke7
27. Qxg7 Qxg7 28. Bxg7 Rg8 29. Bxb7 Rxc4 30. Rxe1 Rxg7 31. Kf2 Rg5 32. Rb1 Rc3
33. Bf3 d5 34. h4 Re5 35. Rb4 Rc4 36. Rb3 d4 37. Ra3 Rc7 38. Bc6 Kd6 39. g4
Kc5 40. Ra2 Kb4 41. Rb2+ Kc3 42. Ra2 f6 43. Ra3+ Kc4 44. Ra4+ Kc3 45. Ra3+ Kc2
46. Ra2+ Kd1 47. Ra1+ Kd2 48. Ra2+ Kc3 49. Ra1 Rce7 50. Ra2 1-0

[Event "Abierto Legislatura Norberto La Porta in memoriam"]
[Site "Buenos Aires, ARG"]
[Date "2009.04.14"]
[Round "7.10"]
[White "Granara Barreto, Sebastian A."]
[Black "Mareco, Sandro"]
[Result "0-1"]
[WhiteElo "2198"]
[BlackElo "2512"]

1. d4 Nf6 2. c4 e6 3. Nc3 Bb4 4. e3 O-O 5. Nge2 d5 6. a3 Be7 7. cxd5 exd5 8.
Nf4 c6 9. Bd3 a5 10. O-O Re8 11. Qc2 g6 12. Bd2 Na6 13. f3 Nc7 14. Rae1 Ne6
15. Nxe6 Bxe6 16. Ne2 Qb6 17. Nf4 Bd7 18. g4 Bd6 19. Nh5 Qd8 20. Nxf6+ Qxf6
21. Re2 b6 22. Rg2 c5 23. f4 cxd4 24. f5 g5 25. exd4 Qxd4+ 26. Kh1 Rac8 27. Qb1
h6 28. f6 Qa4 29. Bg6 Re4 30. Bxe4 dxe4 31. Be3 Bb5 32. Rc1 Bc6 33. Rc3 Be5
34. Rc1 Qb3 35. Rxc6 Rxc6 36. Qxe4 Qe6 37. Rd2 Bxf6 38. Qxe6 Rxe6 39. Bf2 a4
40. Kg2 Re4 41. h3 b5 42. Kf3 Rc4 43. Bb6 b4 44. Bd8 Be5 45. Be7 b3 46. Ke2
Bxb2 47. Bxg5 Bxa3 0-1

[Event "Abierto Legislatura Norberto La Porta in memoriam"]
[Site "Buenos Aires, ARG"]
[Date "2009.04.14"]
[Round "7.11"]
[White "Diaz Hollemaert, Nahuel"]
[Black "Converset, Juan Jose"]
[Result "1/2-1/2"]
[WhiteElo "2443"]
[BlackElo "2239"]

1. d4 Nf6 2. c4 g6 3. Nc3 Bg7 4. e4 O-O 5. Nf3 d6 6. Be2 e5 7. d5 Nbd7 8. Bg5
h6 9. Bh4 a6 10. Nd2 Qe8 11. b4 Nh7 12. f3 f5 13. Bf2 Qe7 14. Qc2 Ndf6 15.
c5 Ng5 16. h4 Nf7 17. Bd3 Nh5 18. O-O-O Nf4 19. Bf1 a5 20. bxa5 Rxa5 21. Nb3
Ra8 22. g3 Nh5 23. Bd3 b6 24. cxb6 cxb6 25. Kb1 Ba6 26. Rh2 Rfc8 27. Bxa6 Rxa6
28. Qd3 Raa8 29. Be1 Nf6 30. Rc2 Qd7 31. Rdc1 fxe4 32. Nxe4 Nxe4 33. Qxe4
Rxc2 34. Rxc2 Qf5 35. Rc6 Ra4 36. Qxf5 gxf5 37. Rxb6 f4 38. gxf4 Rxf4 39. Nd2
Bf6 40. Bg3 Rd4 41. Kc2 Rxd5 42. Nb3 Kg7 43. a4 Kg6 44. Be1 Bd8 45. Rb7 e4 46.
fxe4 Re5 47. Kd3 d5 48. exd5 Rxe1 49. h5+ Kf6 50. a5 Bxa5 51. Nxa5 Rd1+
1/2-1/2

[Event "Abierto Legislatura Norberto La Porta in memoriam"]
[Site "Buenos Aires, ARG"]
[Date "2009.04.14"]
[Round "7.12"]
[White "Liascovich, Lucas"]
[Black "Krysa, Leandro"]
[Result "1/2-1/2"]
[WhiteElo "2439"]
[BlackElo "2238"]

1. d4 Nf6 2. Nc3 d5 3. Bg5 Nbd7 4. f3 c6 5. e4 dxe4 6. fxe4 e5 7. dxe5 Qa5 8.
Bd2 Nxe5 9. Nf3 Qc7 10. Qe2 Be6 11. O-O-O O-O-O 12. Qf2 Nxf3 13. gxf3 Qa5
14. Qg3 Bd6 15. Qg5 Be5 16. a3 h6 17. Qe3 g5 18. Bd3 Bd4 19. Qe1 Qe5 20. Be3
Nh5 21. Bxd4 Rxd4 22. Ne2 Rdd8 23. h4 Nf4 24. hxg5 hxg5 25. Rxh8 Rxh8 26. Nxf4
Qxf4+ 27. Qd2 Rh3 28. Be2 Rh2 29. Re1 Kc7 30. Qxf4+ gxf4 31. Kd1 Kd6 32. Rg1
Ke5 33. c3 Bb3+ 34. Ke1 f6 35. Rg7 b5 36. Rxa7 Kd6 37. Ra8 Rh1+ 38. Kf2 Kd7
39. Rf8 Ke7 40. Rc8 Kd7 41. Rf8 Ke7 42. Rc8 Kd7 43. Rf8 Ke7 1/2-1/2

[Event "Abierto Legislatura Norberto La Porta in memoriam"]
[Site "Buenos Aires, ARG"]
[Date "2009.04.14"]
[Round "7.13"]
[White "Bronstein, Luis Marcos"]
[Black "Giampa, Alejandro"]
[Result "1-0"]
[WhiteElo "2401"]
[BlackElo "2235"]

1. d4 d5 2. c4 c6 3. Nf3 Nf6 4. Nc3 g6 5. e3 Bg7 6. Bd3 O-O 7. O-O a6 8. Qc2
b5 9. b3 Nbd7 10. Bb2 Bb7 11. Rad1 Re8 12. h3 Qb8 13. Rfe1 e6 14. e4 b4 15.
Na4 dxe4 16. Bxe4 Nxe4 17. Rxe4 c5 18. d5 e5 19. Re2 Qd6 20. Ng5 Nf6 21. Rde1
h6 22. Ne4 Nxe4 23. Qxe4 f5 24. Qe3 Rac8 25. f4 e4 26. Bxg7 Kxg7 27. g4 Rc7
28. gxf5 gxf5 29. Rg2+ Kf7 30. Kh1 Rg8 31. Rxg8 Kxg8 32. Rg1+ Kf8 33. Qg3 Rf7
34. Qg8+ Ke7 35. Rg6 1-0

[Event "Abierto Legislatura Norberto La Porta in memoriam"]
[Site "Buenos Aires, ARG"]
[Date "2009.04.14"]
[Round "7.14"]
[White "Tristan, Leonardo"]
[Black "Gargiulo, Lucas"]
[Result "1-0"]
[WhiteElo "2393"]
[BlackElo "2225"]

1. e4 e5 2. Nf3 Nf6 3. d4 Nxe4 4. Bd3 Nc6 5. O-O d5 6. dxe5 Be7 7. Nc3 Bf5 8.
Re1 O-O 9. Bf4 Nxc3 10. bxc3 Qd7 11. Rb1 Nd8 12. Bg3 Bxd3 13. Qxd3 Ne6 14.
Nd4 Nxd4 15. cxd4 c5 16. c3 Rac8 17. f4 cxd4 18. cxd4 f5 19. Qb5 Rc7 20. Qxd7
Rxd7 21. e6 Rc7 22. Re5 Rd8 23. Rxf5 Bf6 24. Rxf6 gxf6 25. f5 Re7 26. Bh4 Kg7
27. Rb3 Rf8 28. Rg3+ Kh8 29. Rc3 Kg7 30. a4 b6 31. g4 h6 32. Bg3 Rd8 33. h4
Rb7 34. g5 hxg5 35. hxg5 a6 36. gxf6+ 1-0

[Event "Abierto Legislatura Norberto La Porta in memoriam"]
[Site "Buenos Aires, ARG"]
[Date "2009.04.14"]
[Round "7.15"]
[White "Ferrara, Alexis"]
[Black "Perez Ponsa, Federico"]
[Result "0-1"]
[WhiteElo "2196"]
[BlackElo "2389"]

1. Nf3 Nf6 2. g3 g6 3. d4 Bg7 4. Bg2 O-O 5. O-O d6 6. c4 Nc6 7. Nc3 a6 8. Nd5
e6 9. Nxf6+ Qxf6 10. d5 Ne5 11. Nxe5 Qxe5 12. Qc2 Bd7 13. Bf4 Qf6 14. Bd2
Rab8 15. Bc3 e5 16. f4 Qe7 17. e4 f5 18. Rae1 Rbe8 19. a3 Qf7 20. fxe5 Bxe5 21.
c5 Qg7 22. c6 bxc6 23. dxc6 Bc8 24. Bxe5 Qxe5 25. Qc4+ Be6 26. Qb4 a5 27.
Qc3 Qxc3 28. bxc3 Bc4 29. Rf4 g5 30. Rf2 Bd3 31. Re3 fxe4 32. Rb2 g4 33. Rb7
Re7 34. Ra7 Rf5 35. Re1 e3 36. h3 h5 0-1

[Event "Abierto Legislatura Norberto La Porta in memoriam"]
[Site "Buenos Aires, ARG"]
[Date "2009.04.14"]
[Round "7.16"]
[White "Schweber, Samuel"]
[Black "Perez Pietronave, Carlos"]
[Result "1-0"]
[WhiteElo "2349"]
[BlackElo "2218"]

1. c4 f5 2. g3 Nf6 3. Bg2 g6 4. Nc3 Bg7 5. d3 d6 6. e4 Nc6 7. Nge2 e5 8. O-O
Be6 9. exf5 gxf5 10. d4 Bxc4 11. Bxc6+ bxc6 12. dxe5 dxe5 13. Qa4 Bd5 14. f4
O-O 15. fxe5 Ng4 16. Nf4 Qe7 17. Ncxd5 cxd5 18. Qc6 Bxe5 19. Qxd5+ Kh8 20. h3
Rad8 21. Qf3 Nf6 22. Be3 Bxb2 23. Rae1 Ne4 24. Nh5 Bd4 25. g4 Bxe3+ 26. Qxe3
Rde8 27. Qd4+ Qe5 28. Rxe4 Qxd4+ 29. Rxd4 Re2 30. Rxf5 Rb8 31. Rfd5 Kg8 32.
Rd8+ Rxd8 33. Rxd8+ Kf7 34. Rd7+ Kf8 35. Rxc7 Rxa2 36. Rxh7 a5 37. Ra7 a4 38.
g5 1-0

[Event "Abierto Legislatura Norberto La Porta in memoriam"]
[Site "Buenos Aires, ARG"]
[Date "2009.04.14"]
[Round "7.17"]
[White "Pucill, Facundo"]
[Black "Bielicki, Carlos"]
[Result "0-1"]
[WhiteElo "2170"]
[BlackElo "2343"]

1. e4 c5 2. Nf3 d6 3. d4 cxd4 4. Nxd4 Nf6 5. Nc3 e6 6. Bc4 Be7 7. Be3 O-O 8.
Bb3 Na6 9. O-O Nc5 10. f3 a6 11. Qd2 Qc7 12. Rad1 Rd8 13. Qf2 b5 14. Nde2 Bd7
15. Nc1 Rab8 16. Nd3 a5 17. a3 Nxb3 18. cxb3 Bc6 19. Rc1 Qb7 20. Ne2 Rdc8
21. Rc2 Be8 22. Rfc1 Nd7 23. Rxc8 Rxc8 24. Rxc8 Qxc8 25. Nd4 Qb7 26. Qc2 Nb8
27. b4 a4 28. b3 axb3 29. Nxb3 Nc6 30. Bf2 Qa6 31. Qc1 Qa4 32. Na1 Bf6 33. Nc2
Qb3 34. Nde1 Qc3 35. Qe3 Qxe3 36. Bxe3 Bc3 37. Kf1 g6 38. Ke2 f5 39. exf5
gxf5 40. Kd3 Bf6 41. f4 e5 42. g3 e4+ 43. Kd2 d5 44. Bc5 d4 45. Ng2 Bf7 46. Nh4
Be6 47. a4 e3+ 48. Ke1 bxa4 49. b5 Na5 50. Nxd4 a3 51. Nc2 a2 0-1

[Event "Abierto Legislatura Norberto La Porta in memoriam"]
[Site "Buenos Aires, ARG"]
[Date "2009.04.14"]
[Round "7.18"]
[White "Gimenez, Santiago"]
[Black "Perelman, Hernan"]
[Result "1-0"]
[WhiteElo "2112"]
[BlackElo "2326"]

1. e4 d6 2. d4 Nf6 3. Nc3 e5 4. Nf3 Nbd7 5. Bc4 Be7 6. O-O O-O 7. Re1 c6 8.
a4 h6 9. b3 Re8 10. Bb2 Qc7 11. Bd3 exd4 12. Nxd4 Ne5 13. Bf1 Bf8 14. f4 Ng6
15. g3 Qa5 16. Bg2 Bg4 17. Qd2 Qh5 18. a5 a6 19. Na4 Rad8 20. c4 d5 21. exd5
cxd5 22. c5 Ne4 23. Qc2 Ne7 24. b4 g5 25. fxg5 Nxg5 26. Re3 Nf5 27. Nxf5 Bxf5
28. Qxf5 Rxe3 29. Qf6 d4 30. Bxd4 Rxd4 31. Qxd4 Re2 32. Rf1 Rc2 33. Nc3 Qg6
34. Nd5 Bg7 35. Ne7+ Kh7 36. Qd5 Qe6 37. Qd3+ f5 38. Nxf5 Rxg2+ 39. Kxg2 Qc6+
40. Kf2 Ne4+ 41. Ke3 Nxc5 42. bxc5 Qxc5+ 43. Ke2 1-0

[Event "Abierto Legislatura Norberto La Porta in memoriam"]
[Site "Buenos Aires, ARG"]
[Date "2009.04.14"]
[Round "7.19"]
[White "Garcia, Ezequiel Alejandro"]
[Black "Varela, Gaston"]
[Result "0-1"]
[WhiteElo "1985"]
[BlackElo "2323"]

1. c4 e6 2. Nc3 d5 3. cxd5 exd5 4. d4 c6 5. Bf4 Bf5 6. Qb3 Qb6 7. Qxb6 axb6
8. f3 Nf6 9. e3 Nbd7 10. g4 Bg6 11. Nge2 b5 12. Ng3 Nb6 13. h3 Bb4 14. Bc7 Na4
15. Nge2 Nxb2 16. Kf2 O-O 17. h4 Rfe8 18. h5 Bd3 19. Nd1 Nxd1+ 20. Rxd1 Bxe2
21. Bxe2 Rxa2 22. g5 Nd7 23. Rd3 Rea8 24. Rb3 Be7 25. Bf4 Rc2 26. e4 Raa2
27. Re3 Nb6 0-1

[Event "Abierto Legislatura Norberto La Porta in memoriam"]
[Site "Buenos Aires, ARG"]
[Date "2009.04.14"]
[Round "7.20"]
[White "Paveto, Kevin"]
[Black "Mayorga, Nicolas"]
[Result "1-0"]
[WhiteElo "2057"]
[BlackElo "2306"]

1. e4 c5 2. Nf3 e6 3. d4 cxd4 4. Nxd4 Nc6 5. Nxc6 bxc6 6. Bd3 e5 7. O-O Nf6
8. Nd2 Bc5 9. Nc4 O-O 10. Nxe5 Re8 11. Nf3 Nxe4 12. Bxe4 Rxe4 13. Ng5 Re7 14.
Qd3 g6 15. Ne4 Re5 16. Bf4 Rd5 17. Qg3 Bd4 18. Bc7 Qf8 19. c4 Rf5 20. Qd3
Bxb2 21. Rab1 Bg7 22. g4 d5 23. gxf5 dxe4 24. Qd6 Bxf5 25. Qxf8+ Rxf8 26. Rb8
Be6 27. Rd1 f5 28. Bd6 Rxb8 29. Bxb8 a6 30. c5 Bxa2 31. Rd6 f4 32. Rxc6 e3 33.
Bxf4 e2 34. Bd2 Bh6 35. Be1 Bf4 36. Rxa6 Bd5 37. c6 Kf8 38. Bb4+ Kg8 39. Ra8+
Kg7 40. c7 1-0

[Event "Abierto Legislatura Norberto La Porta in memoriam"]
[Site "Buenos Aires, ARG"]
[Date "2009.04.14"]
[Round "7.21"]
[White "Wisniacki, Flavio"]
[Black "Tokman, Ariel"]
[Result "1-0"]
[WhiteElo "2297"]
[BlackElo "2210"]

1. c4 Nf6 2. g3 g6 3. Bg2 d5 4. cxd5 Nxd5 5. Nc3 Nb6 6. Nf3 Bg7 7. O-O O-O 8.
b3 a5 9. Bb2 Nc6 10. d3 e5 11. Nd2 Nd4 12. Nc4 c6 13. Ba3 Re8 14. Ne4 f5 15.
Ned6 Nxc4 16. dxc4 Bf8 17. Nxe8 Bxa3 18. e3 Ne6 19. Qxd8 Nxd8 20. Rad1 Nf7
21. Nf6+ Kg7 22. Nd7 Ra7 23. Nb6 Be6 24. Na4 e4 25. f4 Bb4 26. c5 h5 27. Rf2
Ra8 28. Bf1 Kf6 29. Bc4 Re8 30. Rc2 Ke7 31. Bxe6 Kxe6 32. Nb6 Rd8 33. Rxd8
Nxd8 34. Kf2 Ke7 35. Ke2 Ne6 36. Na4 Nc7 37. Nc3 Na6 38. Na4 Ba3 39. Kd1 Nb4 40.
Rd2 Nd3 41. Rxd3 exd3 42. Kd2 Ke6 43. Kxd3 Bb4 44. e4 Be1 45. Ke2 Bb4 46.
Ke3 Be1 47. Nb2 h4 48. gxh4 Bxh4 49. Nc4 Bd8 50. Kd4 fxe4 51. Kxe4 Bc7 52. h3
Kf6 53. Nd6 Bxd6 54. cxd6 Ke6 55. f5+ gxf5+ 56. Kf4 Kxd6 57. Kxf5 Ke7 58. Ke5
b5 59. a3 Kd7 60. Kd4 Kd6 61. b4 1-0

[Event "Abierto Legislatura Norberto La Porta in memoriam"]
[Site "Buenos Aires, ARG"]
[Date "2009.04.14"]
[Round "7.22"]
[White "Nedilski, Diego"]
[Black "Bertaccini, Daniel"]
[Result "1/2-1/2"]
[WhiteElo "2290"]
[BlackElo "2160"]

1. d4 Nf6 2. c4 g6 3. Nc3 d5 4. Nf3 Bg7 5. Qb3 dxc4 6. Qxc4 a6 7. e4 b5 8.
Qb3 Bb7 9. e5 Nd5 10. a4 Nxc3 11. bxc3 Bd5 12. Qc2 Nd7 13. axb5 axb5 14. Rxa8
Qxa8 15. Bxb5 Bxf3 16. gxf3 Qxf3 17. Rg1 c6 18. Be2 Qd5 19. Be3 O-O 20. f4 Ra8
21. c4 Qa5+ 22. Kf2 f6 23. e6 Nf8 24. Bf3 Rc8 25. c5 f5 26. Qc4 Rb8 27. Rc1
Rb2+ 28. Rc2 Rxc2+ 29. Qxc2 Qb4 30. d5 Bd4 31. dxc6 Bxe3+ 32. Kxe3 Nxe6 33.
Kf2 Kf8 34. Qa2 Qxc5+ 35. Kf1 Nc7 36. Qb2 Qb5+ 37. Qxb5 Nxb5 38. Ke2 e6 39.
Kd3 Ke7 40. Kc4 Nc7 41. Kc5 Ne8 1/2-1/2

[Event "Abierto Legislatura Norberto La Porta in memoriam"]
[Site "Buenos Aires, ARG"]
[Date "2009.04.14"]
[Round "7.23"]
[White "Landriel, Mario"]
[Black "Mendez, Pablo Amadeo"]
[Result "1-0"]
[WhiteElo "2271"]
[BlackElo "2160"]

1. c4 c5 2. e3 e6 3. Nf3 Nf6 4. Nc3 d5 5. d4 dxc4 6. Bxc4 a6 7. a4 Nc6 8. O-O
Be7 9. Qe2 O-O 10. Rd1 Qc7 11. Bd2 b6 12. Rac1 Bb7 13. d5 exd5 14. Nxd5 Nxd5
15. Bxd5 Nd4 16. exd4 Bxd5 17. dxc5 bxc5 18. Bc3 Rad8 19. Re1 Be6 20. b4 Rc8
21. Qb2 Qf4 22. Bxg7 Rfd8 23. bxc5 Rxc5 24. Rxc5 Bxc5 25. Be5 Qb4 26. Qc1
Be7 27. h3 Kf8 28. Qh6+ Ke8 29. Qxh7 Rd5 30. Qh8+ Kd7 31. Bc3 Qxa4 32. Qb8 Bd6
33. Qb7+ Bc7 34. Ne5+ Kd8 35. Nxf7+ Bxf7 36. Bf6+ 1-0

[Event "Abierto Legislatura Norberto La Porta in memoriam"]
[Site "Buenos Aires, ARG"]
[Date "2009.04.14"]
[Round "7.24"]
[White "Gallego, Ignacio"]
[Black "Olivera, Horacio"]
[Result "1-0"]
[WhiteElo "1968"]
[BlackElo "2257"]

1. e4 e5 2. Nf3 Nc6 3. Bc4 Nf6 4. d3 Be7 5. c3 O-O 6. Qe2 d6 7. Nbd2 Na5 8.
Bb5 a6 9. Ba4 b5 10. Bc2 c5 11. O-O Re8 12. Re1 Bf8 13. Nf1 g6 14. Ng3 Bg7 15.
h3 Bb7 16. Nh2 d5 17. Bg5 h6 18. Be3 Rc8 19. Ng4 Nxg4 20. Qxg4 Qc7 21. f4
exf4 22. Bxf4 Be5 23. Nh5 Bxf4 24. Nxf4 dxe4 25. dxe4 Rcd8 26. Nd5 Bxd5 27.
exd5 Rxe1+ 28. Rxe1 Rxd5 29. Qh4 Rh5 30. Qf6 Qc6 31. Qd8+ Kg7 32. Re8 Nb7 33.
Rg8+ Kh7 34. Qf8 1-0

[Event "Abierto Legislatura Norberto La Porta in memoriam"]
[Site "Buenos Aires, ARG"]
[Date "2009.04.14"]
[Round "7.25"]
[White "Ambrogi, Agustin"]
[Black "Lida Garcia, Fernando"]
[Result "0-1"]
[WhiteElo "2255"]
[BlackElo "2051"]

1. e4 e6 2. d4 d5 3. Nc3 Bb4 4. e5 c5 5. a3 cxd4 6. axb4 dxc3 7. bxc3 Qc7 8.
Nf3 Qxc3+ 9. Bd2 Qc7 10. Bd3 Ne7 11. O-O Nbc6 12. Re1 Ng6 13. Qe2 O-O 14. b5
Nd8 15. Qe3 b6 16. Bb4 Re8 17. Ng5 h6 18. Nf3 Nb7 19. Ra3 Bd7 20. Rc3 Nc5 21.
Qd4 Rec8 22. h4 Be8 23. h5 Nf8 24. g4 Nh7 25. Bxh7+ Kxh7 26. g5 Bxb5 27. Qf4
Qe7 28. Kh2 Qf8 29. Rg1 Bd7 30. gxh6 gxh6 31. Nh4 Qe7 32. Rcg3 Rg8 33. Bd2
Rg5 34. Rxg5 hxg5 35. Rxg5 Ne4 36. Nf3 Rg8 37. Rf5 Rg2+ 38. Kxg2 exf5 39. Qh6+
Kg8 40. Ng5 Nxg5 41. Bxg5 Qf8 42. Qf6 Kh7 43. c3 Be6 44. Kg3 b5 45. Qd8 f4+
46. Kh4 Qc5 47. Bxf4 Qxf2+ 48. Kg5 Qf3 0-1

[Event "Abierto Legislatura Norberto La Porta in memoriam"]
[Site "Buenos Aires, ARG"]
[Date "2009.04.14"]
[Round "7.27"]
[White "Fernandez, Jose Luis"]
[Black "Seidler, Aldo E."]
[Result "1-0"]
[WhiteElo "2117"]
[BlackElo "2330"]

1. e4 c5 2. Nf3 e6 3. d4 cxd4 4. Nxd4 Nc6 5. Nb5 d6 6. Bf4 e5 7. Be3 a6 8.
N5a3 Nf6 9. Bg5 Qa5+ 10. Bd2 Qc7 11. Nc3 Be6 12. Bc4 b5 13. Nd5 Qd8 14. Nxb5
axb5 15. Bxb5 Bd7 16. Bg5 Be7 17. Bxf6 Bxf6 18. O-O Rb8 19. a4 Bg5 20. c3 O-O
21. b4 Ne7 22. Bxd7 Nxd5 23. Qxd5 Qxd7 24. Rfd1 Rfc8 25. Ra3 Qc6 26. b5 Qxd5
27. Rxd5 Bd8 28. Rb3 Ba5 29. Rxd6 Bxc3 30. Kf1 Ba5 31. b6 Rb7 32. Rb5 Bxb6 33.
Rdxb6 Ra7 34. Rb8 Rf8 35. a5 f6 36. Ke2 Rxb8 37. Rxb8+ Kf7 38. Rb5 Ke6 39.
Kd3 Rc7 40. a6 Ra7 41. Rb6+ Kd7 42. Kc4 Rc7+ 43. Kd5 Rc2 44. Rb7+ Kc8 45. Rxg7
Kb8 46. f3 h5 47. h4 Ka8 48. a7 Ra2 49. Ke6 Ra6+ 50. Kf5 Ra2 51. Kxf6 Ra6+
52. Kg5 Re6 53. g4 hxg4 54. fxg4 Rc6 55. h5 Rc1 56. h6 Rg1 1-0

[Event "Abierto Legislatura Norberto La Porta in memoriam"]
[Site "Buenos Aires, ARG"]
[Date "2009.04.14"]
[Round "7.28"]
[White "Rago, Sergio"]
[Black "Barrientos Medina, Juan Carlos"]
[Result "1-0"]
[WhiteElo "2250"]
[BlackElo "2089"]

1. d4 Nf6 2. Nf3 e6 3. g3 d5 4. Bg2 Be7 5. c4 O-O 6. O-O c6 7. b3 Nbd7 8. Bb2
Ne4 9. Nfd2 f5 10. f3 Nxd2 11. Qxd2 Bg5 12. e3 Kh8 13. Nc3 Qa5 14. Qe2 dxc4
15. bxc4 Nb6 16. Rfb1 Bf6 17. f4 Bd7 18. Qd3 Rad8 19. e4 Bc8 20. e5 Be7 21.
d5 exd5 22. cxd5 Nxd5 23. Nxd5 cxd5 24. Bc3 Qc7 25. Bd4 b6 26. Rc1 Qb7 27. a4
Be6 28. a5 Rc8 29. axb6 axb6 30. Qb5 Rxc1+ 31. Rxc1 Rc8 32. Rb1 Qc6 33. Qxc6
Rxc6 34. Rxb6 Rxb6 35. Bxb6 Kg8 36. Kf2 Kf7 37. Ke2 g5 38. Kd3 gxf4 39. gxf4
Ke8 40. Kd4 Bh4 41. Bxd5 Bf2+ 42. Kd3 Bxd5 43. Bxf2 Kd7 1-0

[Event "Abierto Legislatura Norberto La Porta in memoriam"]
[Site "Buenos Aires, ARG"]
[Date "2009.04.14"]
[Round "7.29"]
[White "Cuevas, Alex"]
[Black "Campagnoni, Diego"]
[Result "1-0"]
[WhiteElo "2244"]
[BlackElo "2086"]

1. c4 f5 2. g3 Nf6 3. Bg2 g6 4. d3 Bg7 5. e4 fxe4 6. dxe4 Nc6 7. Ne2 d6 8.
Nbc3 O-O 9. h3 Kh8 10. Be3 a6 11. Qd2 Ne5 12. b3 Rb8 13. f4 Nf7 14. O-O b5 15.
e5 dxe5 16. Qxd8 Rxd8 17. Ba7 b4 18. Bxb8 bxc3 19. Bxc7 Rd2 20. Nxc3 exf4 21.
Bxf4 Rd3 22. Rf3 Rxf3 23. Bxf3 Nh5 24. Rc1 Nxf4 25. gxf4 Bxh3 26. Ne2 Bb2
27. Rc2 Ba3 28. c5 Bf5 29. Rc3 Bb4 30. Rc4 a5 31. Nd4 Bd3 32. Rxb4 axb4 33. Nc6
Bb1 34. Nxb4 e5 35. Bd5 Kg7 36. a4 exf4 37. a5 1-0

[Event "Abierto Legislatura Norberto La Porta in memoriam"]
[Site "Buenos Aires, ARG"]
[Date "2009.04.14"]
[Round "7.31"]
[White "Grushka, Carlos"]
[Black "Trejo, Juan Francisco"]
[Result "1-0"]
[WhiteElo "2235"]
[BlackElo "2076"]

1. Nf3 d5 2. g3 c5 3. Bg2 Nc6 4. d4 e6 5. O-O Nf6 6. c4 Be7 7. cxd5 exd5 8.
Nc3 O-O 9. Be3 cxd4 10. Nxd4 a6 11. Qa4 Ne5 12. Rad1 b5 13. Qb3 Bb7 14. Nf5
Nc4 15. Bg5 Na5 16. Qc2 Rc8 17. Qb1 b4 18. Nxd5 Bxd5 19. Bxd5 Qc7 20. Rc1 Qd7
21. Nxe7+ Qxe7 22. Qf5 Rxc1 23. Rxc1 Qd6 24. Bxf6 gxf6 25. Rc5 Re8 26. Rxa5
Re5 27. Qd3 Kg7 28. e4 1-0

[Event "Abierto Legislatura Norberto La Porta in memoriam"]
[Site "Buenos Aires, ARG"]
[Date "2009.04.14"]
[Round "7.32"]
[White "Albarran, Gustavo"]
[Black "Ravazzoli, Omar"]
[Result "0-1"]
[WhiteElo "2212"]
[BlackElo "2067"]

1. c4 g6 2. Nc3 Bg7 3. g3 c5 4. Bg2 Nc6 5. d3 d6 6. e4 Nf6 7. Nge2 O-O 8. O-O
Nd7 9. Be3 Nd4 10. f4 a6 11. Qd2 Rb8 12. h3 b5 13. cxb5 axb5 14. f5 Qa5 15.
Nxd4 Bxd4 16. fxg6 hxg6 17. Kh2 Bxe3 18. Qxe3 Kg7 19. d4 cxd4 20. Qxd4+ Ne5
21. Nd5 Rb7 22. Rac1 Qa7 23. Qxa7 Rxa7 24. Rc7 Rxa2 25. Rxe7 Rxb2 26. Nf6 Rh8
27. Ne8+ Kf8 28. Rc7 Bxh3 0-1

[Event "Abierto Legislatura Norberto La Porta in memoriam"]
[Site "Buenos Aires, ARG"]
[Date "2009.04.14"]
[Round "7.33"]
[White "Mashal, Ruben"]
[Black "Zuriel, Marisa"]
[Result "1-0"]
[WhiteElo "2066"]
[BlackElo "2201"]

1. d4 Nf6 2. c4 g6 3. Nc3 Bg7 4. e4 d6 5. Nf3 O-O 6. h3 e5 7. d5 a5 8. g4 Na6
9. Bg5 Nc5 10. Nd2 c6 11. Qf3 a4 12. Rg1 h6 13. Be3 Ne8 14. Be2 Bd7 15. h4
Qa5 16. Rc1 Rb8 17. Kf1 Nc7 18. h5 b5 19. g5 hxg5 20. Bxg5 f6 21. Be3 g5 22.
dxc6 Be6 23. cxb5 Qb4 24. h6 Bxh6 25. Qh5 Kg7 26. a3 Qxb2 27. Nc4 Bxc4 28.
Bxc4 N7e6 29. Bxe6 Nxe6 30. Qe2 Qxa3 31. Qc4 Nd4 32. c7 Ra8 33. b6 Qb3 34. Qxb3
Nxb3 35. Rb1 Na5 36. b7 Nxb7 37. Rxb7 Rfc8 38. Nd5 a3 39. Ke2 1-0

[Event "Abierto Legislatura Norberto La Porta in memoriam"]
[Site "Buenos Aires, ARG"]
[Date "2009.04.14"]
[Round "7.34"]
[White "Mayo, Raul"]
[Black "Florentin, David Rosario"]
[Result "1-0"]
[WhiteElo "2170"]
[BlackElo "2051"]

1. e4 e5 2. f4 exf4 3. Nf3 d6 4. Bc4 h6 5. h4 Qe7 6. d3 Nf6 7. Nc3 c6 8. Bxf4
d5 9. Bb3 Bg4 10. O-O dxe4 11. Re1 Qc5+ 12. Kh1 Be7 13. Nxe4 Nxe4 14. Rxe4
Kd8 15. Bxb8 Bxf3 16. Qxf3 Rxb8 17. Qf4 Bd6 18. d4 Qb4 19. Qxf7 Rf8 20. Qxg7
Qd2 21. Be6 Be7 22. Bh3 Qb4 23. Rae1 Re8 24. Rxe7 1-0

[Event "Abierto Legislatura Norberto La Porta in memoriam"]
[Site "Buenos Aires, ARG"]
[Date "2009.04.14"]
[Round "7.35"]
[White "Gandolfo, Alberto"]
[Black "Amed, Stephanie"]
[Result "1/2-1/2"]
[WhiteElo "2041"]
[BlackElo "2166"]

1. e4 e6 2. d4 d5 3. Nc3 Bb4 4. Nge2 dxe4 5. a3 Be7 6. Nxe4 Nf6 7. N2g3 O-O
8. c3 Nbd7 9. Be2 b6 10. O-O Bb7 11. Bf3 Rb8 12. Re1 Re8 13. Nxf6+ Nxf6 14.
Bxb7 Rxb7 15. Bg5 Rb8 16. Qf3 Qd5 17. Qxd5 Nxd5 18. Bxe7 Nxe7 19. Rad1 Rbd8 20.
Ne4 Rd7 21. Rd2 Red8 22. Red1 h6 23. Kf1 Nc6 24. b4 Kf8 25. Ke2 f5 26. Ng3
g6 27. Nf1 b5 28. f4 g5 29. g3 Ne7 30. Ne3 c6 31. a4 a6 32. Ra2 Ng6 33. Rf1
Ke7 34. axb5 axb5 35. Ra6 Rc7 36. Kf3 Nf8 37. h4 g4+ 38. Kg2 Nh7 39. Re1 Kf7
40. Rea1 Nf6 41. Ra7 Rdd7 42. Rxc7 Rxc7 43. Ra8 Ne4 44. Nd1 Ke7 45. Rh8 Kd6 46.
Ra8 Ke7 1/2-1/2

[Event "Abierto Legislatura Norberto La Porta in memoriam"]
[Site "Buenos Aires, ARG"]
[Date "2009.04.14"]
[Round "7.37"]
[White "Blanco, Marcos"]
[Black "Bulcourf, Carlos"]
[Result "1/2-1/2"]
[WhiteElo "2062"]
[BlackElo "2160"]

1. e4 Nf6 2. e5 Nd5 3. d4 d6 4. Nf3 Bg4 5. Be2 Nc6 6. O-O e6 7. c4 Nb6 8.
exd6 cxd6 9. d5 exd5 10. cxd5 Bxf3 11. Bxf3 Ne5 12. Be4 Be7 13. a4 O-O 14. f4 f5
15. Bc2 Ng4 16. h3 Nh6 17. Nc3 Bf6 18. Qd3 Rc8 19. Bb3 Bxc3 20. bxc3 Qc7 21.
Rf3 Nd7 22. Qd4 Qc5 23. Ba3 Qxd4+ 24. cxd4 Nf7 25. Re1 Nf6 26. Re7 Ne4 27.
Rxb7 Rb8 28. Rxb8 Rxb8 {Planilla Ilegible} 1/2-1/2

[Event "Abierto Legislatura Norberto La Porta in memoriam"]
[Site "Buenos Aires, ARG"]
[Date "2009.04.14"]
[Round "7.38"]
[White "Rodriguez, Esteban"]
[Black "Gaztanaga, Pablo"]
[Result "1-0"]
[WhiteElo "2151"]
[BlackElo "1977"]

1. e4 e6 2. d4 d5 3. Nd2 dxe4 4. Nxe4 Bd7 5. Nf3 Bc6 6. Bd3 Nd7 7. Qe2 Ngf6
8. Bg5 Be7 9. O-O-O Nxe4 10. Bxe7 Qxe7 11. Bxe4 Bxe4 12. Qxe4 c6 13. h4 O-O-O
14. h5 h6 15. Kb1 Nf6 16. Qe2 Rd5 17. Ne5 Rhd8 18. c3 Nd7 19. c4 Rd6 20. c5
Rd5 21. Nc4 Nf6 22. Nd6+ R8xd6 23. cxd6 Qxd6 24. f3 Nxh5 25. Qf2 Ng3 26. Rhe1
Nf5 27. Qc2 Nxd4 28. Qh7 Qf4 29. Re4 Qf6 30. Qg8+ Kc7 31. Qf8 Nf5 32. Rxd5
exd5 33. Re8 Nd4 34. Re7+ Kb6 35. Qxf7 Qf5+ 36. Qxf5 Nxf5 37. Rf7 g6 38. Rf6 d4
39. Rxg6 d3 40. Kc1 Kc5 41. Kd2 Kd4 42. Rg4+ Ke5 43. Kxd3 Kf6 44. Rg8 Nd6
45. g4 c5 46. f4 a6 47. Rh8 Nf7 48. Re8 1-0